<?xml version="1.0" encoding="UTF-8"?>
<collection xmlns="http://www.loc.gov/MARC21/slim">
 <record>
  <leader>05929nam a2200457 a 4500</leader>
  <controlfield tag="001">kal2905</controlfield>
  <controlfield tag="003">Gr-AtHEAL</controlfield>
  <controlfield tag="005">20160421085945.0</controlfield>
  <controlfield tag="006">m        d        </controlfield>
  <controlfield tag="008">160413s2015    gr      s           gre|c</controlfield>
  <datafield tag="020" ind1=" " ind2=" ">
   <subfield code="a">9789606034909</subfield>
  </datafield>
  <datafield tag="040" ind1=" " ind2=" ">
   <subfield code="a">GR-AtHEAL</subfield>
   <subfield code="b">gre</subfield>
   <subfield code="c">GR-AtHEAL</subfield>
  </datafield>
  <datafield tag="082" ind1="0" ind2="4">
   <subfield code="a">874.01</subfield>
   <subfield code="2">23</subfield>
  </datafield>
  <datafield tag="100" ind1="1" ind2=" ">
   <subfield code="a">Μιχαλόπουλος, Ανδρέας.</subfield>
   <subfield code="8">1373</subfield>
  </datafield>
  <datafield tag="245" ind1="1" ind2="0">
   <subfield code="a">Ρωμαϊκή λυρική ποίηση - Οράτιος Carmina</subfield>
   <subfield code="h">[Ηλεκτρονικός πόρος] </subfield>
   <subfield code="b">Εισαγωγή, Κείμενο, Μετάφραση, Λεξιλόγιο, Σχόλια, Ασκήσεις</subfield>
   <subfield code="c">Μιχαλόπουλος, Ανδρέας ; Μιχαλόπουλος, Χαρίλαος ; Κριτικός αναγνώστης,Μαστρογιάννη, Άννα ; Τεχνική επιμέλεια,Τσιώνης, Ηλίας.</subfield>
  </datafield>
  <datafield tag="260" ind1=" " ind2=" ">
   <subfield code="a">Αθήνα :</subfield>
   <subfield code="b">Σύνδεσμος Ελληνικών Ακαδημαϊκών Βιβλιοθηκών,</subfield>
   <subfield code="c">c2015.</subfield>
  </datafield>
  <datafield tag="490" ind1=" " ind2=" ">
   <subfield code="a">Ακαδημαϊκά Ηλεκτρονικά Συγγράμματα και Βοηθήματα Κάλλιπος</subfield>
   <subfield code="8">40</subfield>
  </datafield>
  <datafield tag="520" ind1=" " ind2=" ">
   <subfield code="a">Το βιβλίο αυτό απευθύνεται σε προπτυχιακούς και μεταπτυχιακούς φοιτητές και αποτελεί μια συνθετική και πολυμεσική πρόταση μελέτης της λυρικής ποίησης του Ορατίου. Η πρότασή μας συνδυάζει τη λεπτομερή εισαγωγή στη ρωμαϊκή λυρική ποίηση με την ενδελεχή εξέταση επιλεγμένων ωδών του Ορατίου. Η Εισαγωγή παρουσιάζει τη λυρική ποίηση εξελικτικά (αρχαϊκή εποχή, ελληνιστική Αλεξάνδρεια, αυγούστεια Ρώμη). Επίσης παρουσιάζονται αναλυτικά τα ιστορικά, κοινωνικά και ιδεολογικά συμφραζόμενα της αυγούστειας εποχής, καθώς και η ζωή και εργοβιογραφία του Ορατίου. Το εκπαιδευτικό υλικό οργανώνεται ανά κεφάλαιο θεματικά (ποιητική, έρωτας, πολιτική, φιλοσοφία, ύμνοι, φίλοι, κρασί-άνοιξη-φύση). Κάθε κεφάλαιο περιέχει αντιπροσωπευτικό αριθμό ωδών προκειμένου ο διδάσκων να έχει δυνατότητα επιλογής ανάλογα με το πρόγραμμα διδασκαλίας του. Έμφαση δίνεται σε ζητήματα γλώσσας, ύφους, αφήγησης και πολιτικής ιδεολογίας. Για καθεμιά από τις ωδές προσφέρεται μετάφραση, αναλυτικό λεξιλόγιο, καθώς και γραμματικο-συντακτική εξομάλυνση των δυσνόητων σημείων. Ο αναλυτικός ερμηνευτικός σχολιασμός με πλούσια βιβλιογραφική υποστήριξη ολοκληρώνεται με γλωσσικές ασκήσεις και ερωτήσεις κατανόησης. Η χρήση πολυμεσικού και διαδραστικού υλικού στο βιβλίο είναι εκτεταμένη. Ο σχολιασμός είναι διάστικτος από υπερσυνδέσμους (links) σε on-line βιβλιογραφικές βάσεις αλλά και σε διαδικτυακές τοποθεσίες που περιέχουν εικόνες, χάρτες, timelines, ηχητικά αποσπάσματα (audio clips) και βίντεο με πλούσιο ενημερωτικό υλικό σχετικά με τα δύο έπη αλλά και τη λογοτεχνία και τον πολιτισμό στην αυγούστεια Ρώμη. Τέλος, χρησιμοποιούνται on-line παρουσιάσεις, κουίζ και εκπαιδευτικά παιχνίδια προς εμπέδωση και κατανόηση γλωσσικών κυρίως φαινομένων.</subfield>
  </datafield>
  <datafield tag="650" ind1=" " ind2="0">
   <subfield code="a">Latin poetry</subfield>
   <subfield code="8">1807</subfield>
  </datafield>
  <datafield tag="650" ind1=" " ind2="0">
   <subfield code="a">Horace</subfield>
   <subfield code="x">Criticism and interpretation</subfield>
   <subfield code="8">1808</subfield>
  </datafield>
  <datafield tag="653" ind1=" " ind2=" ">
   <subfield code="a">Αυγούστεια εποχή</subfield>
  </datafield>
  <datafield tag="653" ind1=" " ind2=" ">
   <subfield code="a">Μαικήνας</subfield>
  </datafield>
  <datafield tag="653" ind1=" " ind2=" ">
   <subfield code="a">Αρχίλοχος</subfield>
  </datafield>
  <datafield tag="653" ind1=" " ind2=" ">
   <subfield code="a">Αλκαίος</subfield>
  </datafield>
  <datafield tag="653" ind1=" " ind2=" ">
   <subfield code="a">Σαπφώ</subfield>
  </datafield>
  <datafield tag="653" ind1=" " ind2=" ">
   <subfield code="a">Διακειμενικότητα</subfield>
  </datafield>
  <datafield tag="653" ind1=" " ind2=" ">
   <subfield code="a">Αύγουστος</subfield>
  </datafield>
  <datafield tag="653" ind1=" " ind2=" ">
   <subfield code="a">Λυρική ποίηση</subfield>
  </datafield>
  <datafield tag="653" ind1=" " ind2=" ">
   <subfield code="a">Οράτιος</subfield>
  </datafield>
  <datafield tag="653" ind1=" " ind2=" ">
   <subfield code="a">Τέχνες και γράμματα</subfield>
   <subfield code="a">Φιλολογία</subfield>
   <subfield code="a">Κλασική φιλολογία</subfield>
   <subfield code="a">Λατινική φιλολογία</subfield>
  </datafield>
  <datafield tag="653" ind1=" " ind2=" ">
   <subfield code="a">Τέχνες και γράμματα</subfield>
   <subfield code="a">Φιλολογία</subfield>
   <subfield code="a">Λογοτεχνικές μορφές και λογοτεχνικά είδη</subfield>
   <subfield code="a">Ποίηση</subfield>
  </datafield>
  <datafield tag="653" ind1=" " ind2=" ">
   <subfield code="a">Τέχνες και γράμματα</subfield>
   <subfield code="a">Φιλολογία</subfield>
   <subfield code="a">Λογοτεχνία</subfield>
  </datafield>
  <datafield tag="653" ind1=" " ind2=" ">
   <subfield code="a">Τέχνες και γράμματα</subfield>
   <subfield code="a">Φιλολογία</subfield>
  </datafield>
  <datafield tag="653" ind1=" " ind2=" ">
   <subfield code="a">Τέχνες και γράμματα</subfield>
   <subfield code="a">Φιλολογία</subfield>
   <subfield code="a">Εθνικές λογοτεχνίες</subfield>
   <subfield code="a">Ευρωπαϊκή λογοτεχνία</subfield>
   <subfield code="a">Λατινική λογοτεχνία</subfield>
  </datafield>
  <datafield tag="700" ind1="1" ind2=" ">
   <subfield code="a">Μιχαλόπουλος, Χαρίλαος</subfield>
   <subfield code="e">Συγγραφέας</subfield>
   <subfield code="8">1374</subfield>
  </datafield>
  <datafield tag="700" ind1="1" ind2=" ">
   <subfield code="a">Μαστρογιάννη, Άννα</subfield>
   <subfield code="e">Κριτικός αναγνώστης</subfield>
   <subfield code="8">1375</subfield>
  </datafield>
  <datafield tag="856" ind1="4" ind2="0">
   <subfield code="u">http://hdl.handle.net/11419/2905</subfield>
   <subfield code="z">Πλήρες Κείμενο - Full text</subfield>
  </datafield>
  <datafield tag="907" ind1=" " ind2=" ">
   <subfield code="a">.b25677329</subfield>
   <subfield code="b">12-06-18</subfield>
   <subfield code="c">29-07-16</subfield>
  </datafield>
  <datafield tag="949" ind1=" " ind2=" ">
   <subfield code="0">0</subfield>
   <subfield code="1">0</subfield>
   <subfield code="2">ddc</subfield>
   <subfield code="4">0</subfield>
   <subfield code="6">874_010000000000000_ΜΙΧ</subfield>
   <subfield code="7">0</subfield>
   <subfield code="8">KALL</subfield>
   <subfield code="8">490</subfield>
   <subfield code="d">2016-04-13</subfield>
   <subfield code="r">2016-04-13</subfield>
   <subfield code="w">2016-04-13</subfield>
   <subfield code="z">874.01 ΜΙΧ</subfield>
   <subfield code="o">SEAB KALLIPOS</subfield>
  </datafield>
  <datafield tag="998" ind1=" " ind2=" ">
   <subfield code="a">80</subfield>
   <subfield code="a">01</subfield>
   <subfield code="a">02</subfield>
   <subfield code="a">03</subfield>
   <subfield code="a">04</subfield>
   <subfield code="a">05</subfield>
   <subfield code="a">06</subfield>
   <subfield code="a">07</subfield>
   <subfield code="a">08</subfield>
   <subfield code="a">09</subfield>
   <subfield code="a">10</subfield>
   <subfield code="a">11</subfield>
   <subfield code="a">12</subfield>
   <subfield code="a">13</subfield>
   <subfield code="a">14</subfield>
   <subfield code="a">15</subfield>
   <subfield code="a">16</subfield>
   <subfield code="a">17</subfield>
   <subfield code="a">18</subfield>
   <subfield code="a">19</subfield>
   <subfield code="a">20</subfield>
   <subfield code="a">21</subfield>
   <subfield code="a">22</subfield>
   <subfield code="a">23</subfield>
   <subfield code="a">24</subfield>
   <subfield code="a">25</subfield>
   <subfield code="a">26</subfield>
   <subfield code="b">10-05-17</subfield>
   <subfield code="c">m</subfield>
   <subfield code="d">z  </subfield>
   <subfield code="e">-</subfield>
   <subfield code="f">gre</subfield>
   <subfield code="g">gr </subfield>
   <subfield code="h">0</subfield>
  </datafield>
  <datafield tag="942" ind1=" " ind2=" ">
   <subfield code="2">ddc</subfield>
   <subfield code="c">KALLIPOS</subfield>
  </datafield>
 </record>
</collection>
